| 000 | 00474nam a2200169 a 4500 | ||
|---|---|---|---|
| 005 | 20140412111301.0 | ||
| 008 | 030410s19uu xx 00 eng d | ||
| 020 | _a0-590-48217-3 | ||
| 050 |
_aTR(PS E _bNo66 1987 |
||
| 100 | _aArnold, Tedd | ||
| 245 |
_aNo jumping on the bed! / _cTedd Arnold. |
||
| 260 |
_aNew York : _bScholastic Inc, _c1987. |
||
| 300 | _a1 v. (unp.) ; ill. | ||
| 650 | _aBedtime--Juvenile literature | ||
| 650 | _aChildren stories | ||
| 999 |
_c103405 _d103405 |
||